Statistics for Gilmore Girls Characters by Episode Count

Click here to take the quiz!

General Stats

  • This quiz has been taken 143 times
    (103 since last reset)
  • The average score is 18 of 66

Answer Stats

HintAnswer% Correct
157Rory Gilmore
99%
158Lorelai Gilmore
96%
153Luke Danes
92%
115Emily Gilmore
91%
86Richard Gilmore
87%
39Jess Mariano
79%
63Dean Forester
76%
122Sookie St James
73%
103Lane Kim
72%
48Logan Huntzberger
71%
121Paris Geller
64%
43Mrs Kim
53%
77Miss Patty
51%
158Michel Gerard
46%
53Taylor Doose
46%
38Christopher Hayden
44%
109Kirk Gleason
40%
14April Nardini
35%
16Liz Danes
32%
54Babette Dell
31%
57Jackson Belleville
31%
13Max Medina
31%
8Anna Nardini
29%
12Tristin Dugray
29%
10Marty
26%
8Mitchum Huntzberger
26%
13Gil
24%
14Jason Stiles
23%
13TJ
23%
23Gypsy
21%
19Morey Dell
21%
9Dave Rygalski
19%
34Louise Grant
19%
15Finn
17%
4Trix Gilmore
17%
4Honor Huntzberger
15%
33Madeline Lynn
14%
22Andrew
13%
2Shira Huntzberger
13%
43Zack Van Gerbig
13%
8Lucy
12%
3Sherry Tinsdale
12%
4Asher Flemming
10%
22Doyle McMaster
9%
9Lindsay Lister
8%
32Brian Fuller
6%
9Georgia Hayden
6%
7Olivia Marquont
5%
5Brad Langford
4%
6Francie Jarvis
4%
11Hanlin Charleston
4%
15Lulu Kuschner
4%
3Sophie Bloom
4%
8Tana Schrick
4%
13Tom
4%
22Caesar
3%
15Colin McCrae
3%
3Fran Weston
3%
8Janet Billings
3%
8Nicole Leahy
3%
5Rachel
3%
3Roon
3%
4Kyle
1%
5Kyon
1%
2Tobin
1%
20Town Troubadour
1%

Score Distribution

Percentile by Number Answered

Percent of People with Each Score

Your Score History

You have not taken this quiz since the last reset